000 00460nam a2200181Ia 4500
008 170203s9999 xx 000 0 und d
020 _a9789719912002
050 _a381.166
050 _b.C697 2013
245 _aCollege Entrance Test Reviewer :
245 _bPhysics Science /
245 _cLoyola Student Center.
260 _aQuezon City :
260 _bLoyola Heights Student Center
260 _c2013
300 _a98 pages :
300 _c27 cm.
999 _c305453
_d305453